| 000 | 00521nam a2200193Ia 4500 | ||
|---|---|---|---|
| 005 | 20240823010648.0 | ||
| 008 | 240823s9999||||xx |||||||||||||| ||und|| | ||
| 041 | _aENGLISH | ||
| 082 | _A657 N9 | ||
| 100 | _a"Link,Albert N" | ||
| 245 | 0 | _a"Encyclopedia of Accounting,Finance Investing,Banking and Economics" | |
| 250 | _a1st | ||
| 260 |
_c1999 _b"Deep and Deep,New Delhi" |
||
| 500 | _aTRANSFERED | ||
| 650 |
_aManagement _bManagement Studies |
||
| 700 | _a" Woelfel,Charles J" | ||
| 942 | _cBK | ||
| 999 |
_c159284 _d159284 |
||